मराठी विश्वकोष (Record no. 967041)
[ view plain ]
| 000 -LEADER | |
|---|---|
| fixed length control field | 00469nam a2200133Ia 4500 |
| 008 - FIXED-LENGTH DATA ELEMENTS--GENERAL INFORMATION | |
| fixed length control field | 151001s9999||||xx |||||||||||||| ||und|| |
| 100 ## - MAIN ENTRY--PERSONAL NAME | |
| Personal name | लक्ष्मशास्त्री जोशी |
| 245 ## - TITLE STATEMENT | |
| Title | मराठी विश्वकोष |
| 250 ## - EDITION STATEMENT | |
| Edition statement | 1 |
| 260 ## - PUBLICATION, DISTRIBUTION, ETC. (IMPRINT) | |
| Name of publisher, distributor, etc | महाराष्ट्र राज्य साहित्य संस्कुती मंडळ मुंबई |
| 260 ## - PUBLICATION, DISTRIBUTION, ETC. (IMPRINT) | |
| Date of publication, distribution, etc | 1987 |
| 300 ## - PHYSICAL DESCRIPTION | |
| Extent | 1328 |
| 365 ## - TRADE PRICE | |
| Price amount | 30 |
No items available.